000 00325 a2200121 4500
001 ART_6677
005 20260410161620.0
008 260409a
245 1 0 _aInstrumento de renta fija
100 1 _aTapia, Gustavo N.
700 1 _aAriganello, Claudio
773 0 _tEnfoques
_g- NÂș 12 (dic. 2009)
_wREV416
999 _c11487
_d11487